00954nam a2200253 a 4500001001000000003000500010005001700015008004100032010001100073011001100084040000900095100003300104245011700137260004100254500006000295502008300355650003100438650004300469650002900512650003100541650002100572650003700593856007000630000115106CHAP20220329144516.0181008s2018 mx a sm |||||||spa d a111567 a112539 cCHAP1 aIllescas Gallegos, Everardo.10aMecanismos de latencia física en dos géneros de leguminosas /h[En línea]cpor Everardo Illescas Gallegos. aChapingo, Méx. :bEl autor,c2018. aPara ver el contenido del material haga clic en la liga aTesis (M.C. en Ciencias Forestales) -- UACH. División de Ciencias Forestales14aCalorxEfecto en semillas.14aSemillasxFisiología y morfología.14aSemillasxGerminación.14aSemillasxInvestigación.14aSemillasxVigor.14aTemperaturaxEfecto en semillas. aFinding aiduhttp://10.13.5.2/tesis/sist115106.pdfzTeclea aquí